| 000 | 00356nam a2200133Ia 4500 | ||
|---|---|---|---|
| 008 | 240624s9999 xx 000 0 und d | ||
| 041 | _aeng | ||
| 082 | _a332.6 ING | ||
| 100 | _aINGERSOLL JONATHAN E | ||
| 245 | _aTHEORY OF FINANCIAL DECISION MAKING | ||
| 260 |
_c1987 _aNew York _bRowman & Littlefield Publishers |
||
| 300 | _a496 : p. | ||
| 365 |
_cBPS _b25 |
||
| 999 |
_c21055 _d21055 |
||